Logo BPK

Biblioteka

Politechniki Koszalińskiej

Gongschlag No. 2 : (Rekord nr 50519)

Szczegóły MARC
000 -ETYKIETA REKORDU
podpole kontrolne o stałej długości 00585nam a2200193 i 4500
001 - NUMER KONTROLNY REKORDU
pole kontrolne bgj
020 ## - MIĘDZYNARODOWY ZNORMALIZOWANY NUMER KSIĄŻKI - ISBN
ISBN 347552323X
040 ## - ŹRÓDŁO KATALOGOWANIA
Instytucja, która utworzyła rekord BPK
041 0# - KOD JĘZYKA
Kod języka tekstu ger
920 ## - Międzynarodowy znormalizowany numer książki – ISBN
ISBN 3-475-52323-X
008 - POLE O STAŁEJ DŁUGOŚCI - DANE KONTROLNE
podpole kontrolne o stałej długości s gw f |000 0 ger
100 1# - NAZWA OSOBOWA
Nazwa osobowa RAUCH, Fred
245 10 - TYTUŁ/ODPOWIEDZIALNOŚĆ
Tytuł Gongschlag No. 2 :
Ciąg dalszy tytułu Versprecher, Hörerwünsche, Bonmots, Stilblüten, Theaterpannen, Pseudonyme /
Pozostałe elementy strefy tytułu i oznaczenia odpowiedzialności Fred Rauch ; Illustration D. O. Klama.
260 ## - STREFA ADRESU WYDAWNICZEGO
Miejsce wydania Rosenheim :
Nazwa wydawcy/dystrybutora Rosenheimer,
Data publikacji, dystrybucji/powstania dokumentu c. 1981.
300 ## - STREFA OPISU FIZYCZNEGO
Objętość 95 S. :
Inne cechy fizyczne Ill. ;
Rozmiary 20 cm.
650 #9 - HASŁO PRZEDMIOTOWE W FORMIE NAZWY OGÓLNEJ LUB JEDNOSTKOWEJ
Nazwa ogólna lub geograficzna Deutsche Literatur
700 1# - HASŁO DODATKOWE - NAZWA OSOBOWA
Nazwa osobowa KLAMA, D. O.
Określenie związku między hasłem a opisywanym materiałem Ill.
856 ## - LOKALIZACJA I DOSTĘP DO ELEKTRONICZNYCH DOKUMENTÓW ZDALNYCH
Link (URL) http://koha.tu.koszalin.pl/cgi-bin/koha/opac-detail.pl?biblionumber=50519
Tekst linku Katalog online BPK
942 ## - DODATKOWE ELEMENTY (KOHA)
Typ dokumentu Książka
Egzemplarze
Wycofany Status egzemplarza Uszkodzony Dostępność Lokalizacja stała Lokalizacja bieżąca Miejsce przechowywania Sygnatura Kod kreskowy Typ dokumentu
      Dostępny Biblioteka Politechniki Koszalińskiej Biblioteka Politechniki Koszalińskiej Wypożyczalnia Językowa N 465 01581829 Książka
© 2023 Biblioteka Politechniki Koszalińskiej :: KOHA